| 000 | 00677nam a2200205Ia 4500 | ||
|---|---|---|---|
| 008 | 131103s9999 xx 000 0 und d | ||
| 020 | _a226306542 | ||
| 040 | _aLoreto College | ||
| 041 | _aEnglish | ||
| 082 |
_a820.9/GRE _bLCLIB/41066 |
||
| 100 | _aGreenblatt, Stephen | ||
| 245 |
_aRenaissance self-fashioning _b from More to Shakespeare _cStephen Greenblatt |
||
| 260 |
_aChicago _bUniversity of Chicago Press _c1984 |
||
| 300 |
_a[9],319 p. _c 23 cm. |
||
| 504 | _aIncludes bibliographical references and index | ||
| 650 | _aEnglish Literature - History and Criticism | ||
| 651 | _aEarly Modern, 1500-1700 - Renaissance | ||
| 850 | _aLCLIB/820.9/GRE | ||
| 942 | _cBK | ||
| 999 |
_c6842 _d57321 |
||